| 000 | 00470nam a2200157Ia 4500 | ||
|---|---|---|---|
| 999 |
_c5576 _d5576 |
||
| 003 | OSt | ||
| 005 | 20200125105221.0 | ||
| 008 | 190216s9999||||xx |||||||||||||| ||und|| | ||
| 040 | _coclc | ||
| 082 |
_a658.4038011 _bVAR/M |
||
| 100 |
_aVarma, M M _9585 |
||
| 245 | 0 |
_aManagement Information System / _cM M Varma ; R K Agarwal |
|
| 260 |
_bKing's Books, _c1992. _aDelhi: |
||
| 300 | _a232p | ||
| 942 |
_cBK _2ddc _h658.4038011 _iVAR/M _k658.4038011 _mVAR/M |
||